Music Quiz

Random Music Quiz
Score 0/20 Timer 07:00
0 Plays Today
Song Artist % Correct
Born in the U.S.ABruce Springsteen
98.3%
Beat ItMichael Jackson
97.7%
BorderlineMadonna
90.3%
Boys of Summer,TheDon Henley
89.7%
Bette Davis EyesKim Carnes
89.1%
Bad MedicineBon Jovi
87.4%
Brass in PocketThe Pretenders
87.4%
Broken WingsMr Mister
82.9%
Burning Down the HouseTalking Heads
81.1%
BatdancePrince
70.9%
Song Artist % Correct
Big TimePeter Gabriel
70.3%
Blame It on the RainMilli Vanilli
70.3%
BabeStyx
69.7%
Breaking the LawJudas Priest
65.7%
Bust a MoveYoung MC
57.7%
Better Be Good to MeTina Turner
57.1%
Burning HeartSurvivor
45.7%
BatteryMetallica
36.6%
Biggest Part of MeAmbrosia
30.3%
Black MetalVenom
9.7%
Remove Ads.
Support Sporcle.
Get the best of Sporcle when you Go Orange. This ad-free experience offers more features, more stats, and more fun while also helping to support Sporcle. Thank you for becoming a member.

You're not logged in!

Compare scores with friends on all Sporcle quizzes.
OR
Log In

Show Comments

Extras

Created Dec 14, 2018ReportNominate
Tags:1980s, Top Artists, Top Songs

Top Quizzes Today


Score Distribution

Your Account Isn't Verified!

In order to create a playlist on Sporcle, you need to verify the email address you used during registration. Go to your Sporcle Settings to finish the process.

Report this User

Report this user for behavior that violates our Community Guidelines.

Details: